000 00986cam a22003135i 4500
001 016775365
003 EG-ScBUE
005 20230112111257.0
008 140515t2014 enkc f d 001 0deng d
020 _a9781781579787
040 _aStDuBDS
_beng
_erda
_cStDuBDS
_dEG-ScBUE
_dEG-ScBUE
082 0 4 _a751.4
_222
_bCAL
100 1 _aCallan, Damian,
_eauthor.
_938355
245 1 0 _aPaint like Degas :
_bunlock the secrets of the master of movement and colour /
_cDamian Callan.
264 1 _aLewes :
_bIlex Press,
_c[2014]
264 4 _cc2014
300 _a128 pages :
_bPortraits ;
_c25 cm
336 _2rdacontent
_atext
_btxt
337 _2rdamedia
_aunmediated
_bn
338 _2rdacarrier
_avolume
_bnc
500 _aIncludes glossary.
500 _aIncludes index.
600 1 7 _aDegas, Edgar,
_d1834-1917.
_2BUEsh
650 7 _aPainting
_xTechnique.
_2BUEsh
_937955
651 _2BUEsh
653 _bCOMAME
_cJune2015
_cJanuary2017
655 _vReading book
942 _2ddc
_cBB
999 _c19655
_d19627